Statistics for Generator Dash #19

Click here to take the quiz!

General Stats

  • This quiz has been taken 54 times
  • The average score is 7 of 11

Answer Stats

Hint Answer % Correct
Loosen a knot (5)Untie
82%
Librarian's love (5)Quiet
80%
Librarian's hate (5)Noise
80%
Mr. Darcy's creator (6)Austen
73%
Giant redwood (7)Sequoia
73%
Medieval mission (5)Quest
71%
European country (7)Estonia
60%
Old, vintage (7)Antique
58%
9-Letter WordEQUATIONS
56%
Old Testament twin (4)Esau
49%
Lyon river (5)Saone
9%

Score Distribution

Percentile by Number Answered

Percent of People with Each Score

Your Score History

You have not taken this quiz